000 00648 a2200181 4500
999 _c8197
_d8197
020 _a0415037875
050 0 0 _aP306 HEW 1991
100 1 _aHewson, Lance,
_d1953-
_eauthor
245 1 0 _aRedefining translation :
_bthe variational approach /
_cLance Hewson and Jacky Martin.
264 _aLondon:
_bRoutledge.,
_c1991
300 _a263 p. :
_bill. ;
500 _aIncludes bibliographical references (p. 253-257) and index.
504 _aIncludes bibliographical references (p. 253-257) and index.
650 0 _aTranslating and interpreting.
700 1 _aMartin, Jacky,
_d1940-
942 _2lcc
_cBK
_h306
_iHEW
_k1991